Online Catalogue and eLibrary

Contemporary personal impressions upon : (Record no. 2383)

MARC details
000 -LEADER
fixed length control field 00283nam a2200097Ia 4500
008 - FIXED-LENGTH DATA ELEMENTS--GENERAL INFORMATION
fixed length control field 240331s9999 xx 000 0 und d
082 ## - DDC Classification
Item Number - Author Mark SIN
100 ## - MAIN ENTRY--PERSONAL NAME
Personal name Singh, M
245 #0 - TITLE STATEMENT
Title Contemporary personal impressions upon :
Remainder of title Indian Independence movement and Punjabi Suba struggle
942 ## - Koha item type (Biblio)
Koha item type Books in Stacks (Lending)

No items available.

© WERC Library